|
|
|
|
| LEADER |
000000am a2200000 a 4500 |
| 001 |
9371 |
| 005 |
20240402142230.0 |
| 008 |
962102|1953 ||||||||r|||||||||||spa|| |
| 040 |
|
|
|b spa
|
| 041 |
0 |
|
|a Es
|
| 082 |
0 |
|
|a 155.2
|b D448p
|
| 100 |
1 |
|
|9 82930
|a Delgado, Honorio
|
| 245 |
1 |
1 |
|a La Personalidad y el carácter
|c Honorio Delgado
|h imp
|
| 250 |
|
|
|a 3. ed.
|
| 264 |
|
|
|a Madrid
|b Científico-Médica
|c 1953
|
| 300 |
|
|
|a 183 páginas:
|b ilus., tbls.
|
| 504 |
|
|
|a incl. ref.
|
| 650 |
1 |
7 |
|a Carácter
|9 179
|
| 650 |
1 |
7 |
|a Personalidad
|9 2819
|
| 852 |
|
|
|a UC-SALUD
|f Compra
|k mariana.feican
|l 1
|m General
|p 19621027
|q S/. 29
|t 9371
|b 0
|d CDRS
|e CDRS
|g 155.2 D448p
|z 1962-21-02
|
| 942 |
|
|
|c BK
|
| 999 |
|
|
|c 50060
|d 50060
|